[Event "MTO-2021"]
[Site "?"]
[Date "2021.??.??"]
[Round "6.101"]
[White "Murali Karthikeyan"]
[Black "Sethuraman S.P."]
[Result "1-0"]
[WhiteElo "2606"]
[BlackElo "2644"]
[PlyCount "73"]
[EventDate "2021.??.??"]
[WhiteTeam "Indien"]
[BlackTeam "Indien"]
[WhiteTeamCountry "IND"]
[BlackTeamCountry "IND"]

1. e4 c5 2. Nf3 e6 3. Nc3 Nc6 4. Be2 a6 5. O-O Qc7 6. d4 cxd4 7. Nxd4 Nf6 8.
Be3 Be7 9. f4 d6 10. Kh1 O-O 11. Qe1 Nxd4 12. Bxd4 b5 13. a3 Bb7 14. Qg3 Bc6
15. Rae1 Rad8 16. Bf3 Ne8 17. Qf2 Rc8 18. f5 e5 19. Bb6 Qb7 20. g4 Bd8 21. Bxd8
Rxd8 22. g5 f6 23. g6 h6 24. Re3 Nc7 25. Rd1 a5 26. b4 axb4 27. axb4 Rd7 28.
Red3 Rfd8 29. Qe3 Kf8 30. h3 Ke8 31. Kh2 Ke7 32. Bg2 Ra8 33. Ne2 Qa7 34. Qd2
Rad8 35. Qc3 Qb6 36. Qb3 Kf8 37. Rxd6 1-0

[Event "MTO-2021"]
[Site "?"]
[Date "2021.??.??"]
[Round "6.102"]
[White "Eljanov Pavel"]
[Black "R Praggnanandhaa"]
[Result "1-0"]
[WhiteElo "2671"]
[BlackElo "2608"]
[PlyCount "113"]
[EventDate "2021.??.??"]
[WhiteTeam "Ukraine"]
[BlackTeam "Indien"]
[WhiteTeamCountry "UKR"]
[BlackTeamCountry "IND"]

1. e4 c5 2. Nf3 Nc6 3. Bb5 e6 4. O-O Nd4 5. Nxd4 cxd4 6. c3 a6 7. Bd3 Bc5 8. b4
Ba7 9. Bb2 Qf6 10. Na3 Ne7 11. Nc4 Nc6 12. b5 Ne5 13. Nd6+ Kf8 14. Qe2 Ng6 15.
g3 Bc5 16. Nxc8 Rxc8 17. bxa6 bxa6 18. Bxa6 Rc6 19. Bb5 Rb6 20. Qc4 d6 21. cxd4
Qf3 22. Qb3 Qxb3 23. axb3 Rxb5 24. dxc5 dxc5 25. Ra8+ Ke7 26. Ra7+ Kf8 27. Rfa1
Rxb3 28. Rc7 Rb8 29. Raa7 Kg8 30. Ba3 h5 31. Rxf7 Rh7 32. Bxc5 Ne5 33. Rfb7
Rxb7 34. Rxb7 Nf3+ 35. Kg2 Nxd2 36. f3 Nc4 37. Rb4 Ne5 38. Rb8+ Kf7 39. Rf8+
Kg6 40. f4 Ng4 41. f5+ exf5 42. exf5+ Kh6 43. h3 Ne5 44. Be3+ g5 45. Rf6+ Kg7
46. Re6 Nd7 47. Bxg5 Kg8 48. Re8+ Kf7 49. Re7+ Kg8 50. Rxh7 Kxh7 51. g4 hxg4
52. hxg4 Kg7 53. Kg3 Kf7 54. Be3 Ne5 55. g5 Nd7 56. Bd4 Nf8 57. Kg4 1-0

[Event "MTO-2021"]
[Site "?"]
[Date "2021.??.??"]
[Round "6.103"]
[White "Ganguly Surya Shekhar"]
[Black "Banusz Tamas"]
[Result "1/2-1/2"]
[WhiteElo "2625"]
[BlackElo "2631"]
[PlyCount "139"]
[EventDate "2021.??.??"]
[WhiteTeam "Indien"]
[BlackTeam "Ungarn"]
[WhiteTeamCountry "IND"]
[BlackTeamCountry "HUN"]

1. Nf3 d5 2. e3 Nf6 3. c4 e6 4. Nc3 Nbd7 5. b3 b6 6. Bb2 Bb7 7. cxd5 exd5 8.
Rc1 a6 9. d4 Bd6 10. g3 Qe7 11. Bg2 O-O-O 12. Qc2 Kb8 13. a3 Ne4 14. Nxe4 dxe4
15. Nd2 f5 16. Nc4 g5 17. Nxd6 Qxd6 18. Bc3 Rc8 19. Bb4 Qg6 20. Qe2 Nf6 21. h4
h6 22. Bd2 Nd5 23. Kd1 Qd6 24. b4 f4 25. gxf4 gxf4 26. Bh3 Rcf8 27. Kc2 Rf6 28.
Kb2 Rhf8 29. Qe1 Bc6 30. Bf1 fxe3 31. fxe3 Bb5 32. Bxb5 axb5 33. Rc2 Rf2 34.
Bc1 Qg3 35. Kb3 Kb7 36. Rxf2 Rxf2 37. Rf1 Rf3 38. Qxg3 Rxg3 39. Rf5 Nxe3 40.
Bxe3 Rxe3+ 41. Kb2 Kc6 42. Re5 Kd6 43. Rxb5 Rd3 44. Rh5 e3 45. Rxh6+ Kd5 46.
Rh7 Kxd4 47. Rd7+ Ke4 48. Re7+ Kf3 49. h5 Rd6 50. Kc2 e2 51. Rf7+ Kg2 52. Rg7+
Kf2 53. Rf7+ Ke1 54. b5 c6 55. a4 cxb5 56. axb5 Rh6 57. Rf6 Rxh5 58. Rxb6 Rf5
59. Kd3 Rf3+ 60. Kc4 Kf2 61. Re6 Re3 62. Rf6+ Kg3 63. Rg6+ Kf4 64. Rg1 e1=Q 65.
Rxe1 Rxe1 66. Kd5 Kf5 67. b6 Rb1 68. Kc6 Ke6 69. b7 Rxb7 70. Kxb7 1/2-1/2

[Event "MTO-2021"]
[Site "?"]
[Date "2021.??.??"]
[Round "6.105"]
[White "Sadhwani Raunak"]
[Black "Chigaev Maksim"]
[Result "1/2-1/2"]
[WhiteElo "2555"]
[BlackElo "2630"]
[PlyCount "225"]
[EventDate "2021.??.??"]
[WhiteTeam "Indien"]
[BlackTeam "Russland"]
[WhiteTeamCountry "IND"]
[BlackTeamCountry "RUS"]

1. Nf3 Nf6 2. c4 g6 3. Nc3 d5 4. cxd5 Nxd5 5. e4 Nxc3 6. dxc3 Qxd1+ 7. Kxd1 Nd7
8. Bf4 c6 9. Kc2 f6 10. h4 e5 11. Be3 h5 12. Nd2 Bh6 13. Bxh6 Rxh6 14. a4 Ke7
15. a5 Rh8 16. b4 Nf8 17. Bd3 Be6 18. g3 Nd7 19. Bc4 b5 20. Bxe6 Kxe6 21. f4 c5
22. Rad1 Rac8 23. Kb2 Rc6 24. Nb3 Rhc8 25. Rd5 cxb4 26. cxb4 a6 27. Rhd1 R8c7
28. R1d2 Ke7 29. f5 gxf5 30. exf5 Rc4 31. Ka3 e4 32. Rd6 Ne5 33. Rxa6 Rc3 34.
Re2 Rxg3 35. Ka2 Rcc3 36. Nd4 Ra3+ 37. Kb1 Rg1+ 38. Kc2 Ra2+ 39. Kb3 Rxe2 40.
Nxe2 Re1 41. Nc3 e3 42. Kc2 e2 43. Kd2 Nf3+ 44. Ke3 Nxh4 45. Kf2 Ra1 46. Nd5+
Kd8 47. Kxe2 Nxf5 48. Rxf6 Ng3+ 49. Kf3 h4 50. Kg4 Ne4 51. Rb6 Kd7 52. Rxb5 h3
53. Kxh3 Kc6 54. Nc3 Ra3 55. Rb6+ Kc7 56. Kg4 Nxc3 57. b5 Nd5 58. Rc6+ Kd7 59.
a6 Ra4+ 60. Kg5 Nc7 61. Rb6 Ra5 62. Rb7 Kc8 63. Kf6 Nxb5 64. Rh7 Nc7 65. a7
Rxa7 66. Ke5 Kb7 67. Rh6 Ra5+ 68. Ke4 Kc8 69. Rh7 Kd8 70. Kd3 Ra6 71. Kd4 Kc8
72. Ke5 Kb7 73. Rf7 Ra5+ 74. Ke4 Kc6 75. Rf5 Nd5 76. Rf8 Kd7 77. Kd4 Nc7 78.
Rf1 Kd6 79. Ke4 Ra4+ 80. Kf5 Nd5 81. Rf3 Rb4 82. Rd3 Rf4+ 83. Kg5 Rf1 84. Rd2
Re1 85. Kf5 Re5+ 86. Kg4 Ke6 87. Ra2 Re4+ 88. Kg5 Re1 89. Kg4 Ke5 90. Ra5 Re3
91. Rc5 Ra3 92. Rb5 Ke4 93. Rb8 Ne3+ 94. Kg5 Ra5+ 95. Kg6 Nd5 96. Kg5 Nb4+ 97.
Kg4 Nc6 98. Re8+ Ne5+ 99. Kg3 Ra2 100. Re6 Re2 101. Re8 Rb2 102. Re6 Ra2 103.
Re8 Re2 104. Re6 Re3+ 105. Kf2 Rf3+ 106. Ke2 Rf8 107. Ra6 Rh8 108. Ra4+ Kf5
109. Ra5 Rh2+ 110. Ke3 Rh3+ 111. Kd4 Rd3+ 112. Kc5 Rd1 113. Ra8 1/2-1/2

[Event "MTO-2021"]
[Site "?"]
[Date "2021.??.??"]
[Round "6.106"]
[White "Kantor Gergely"]
[Black "Narayanan S.L."]
[Result "1-0"]
[WhiteElo "2527"]
[BlackElo "2624"]
[PlyCount "111"]
[EventDate "2021.??.??"]
[WhiteTeam "Ungarn"]
[BlackTeam "Indien"]
[WhiteTeamCountry "HUN"]
[BlackTeamCountry "IND"]

1. d4 Nf6 2. c4 e6 3. Nf3 d5 4. Nc3 c6 5. Bg5 h6 6. Bh4 Be7 7. e3 Nbd7 8. Qc2
O-O 9. Rd1 b6 10. cxd5 Nxd5 11. Bxe7 Qxe7 12. Nxd5 cxd5 13. Bd3 Bb7 14. Qc7
Rab8 15. O-O Rfc8 16. Qf4 Nf6 17. Ne5 Rc7 18. h4 Ne4 19. f3 Nd6 20. e4 Rd8 21.
b3 Ne8 22. Bb1 Qb4 23. Qe3 Qe7 24. exd5 Bxd5 25. Qd3 f5 26. h5 Qg5 27. g4 Nf6
28. Qd2 Qxd2 29. Rxd2 fxg4 30. fxg4 Rdc8 31. Bd3 Rc1 32. Bc4 Rxf1+ 33. Kxf1 Kf8
34. Ke2 Ke7 35. Ke3 Nd7 36. Bxd5 exd5 37. Nxd7 Kxd7 38. Kf4 Ke6 39. Re2+ Kf6
40. Re5 Rc2 41. Rxd5 Rxa2 42. Rd6+ Kf7 43. Ke5 Re2+ 44. Kd5 Rb2 45. Rd7+ Kf6
46. Rxa7 Rxb3 47. Kc6 Rc3+ 48. Kxb6 Rc4 49. Rd7 Ke6 50. Kb5 Rc1 51. Rxg7 Kd5
52. Rd7+ Ke4 53. Rd6 Rb1+ 54. Kc6 Rc1+ 55. Kd7 Rg1 56. Rg6 1-0

[Event "MTO-2021"]
[Site "?"]
[Date "2021.??.??"]
[Round "6.108"]
[White "Tang Andrew"]
[Black "Fedorchuk Sergey"]
[Result "1-0"]
[WhiteElo "2525"]
[BlackElo "2598"]
[PlyCount "106"]
[EventDate "2021.??.??"]
[WhiteTeam "Vereinigte Staaten"]
[BlackTeam "Ukraine"]
[WhiteTeamCountry "USA"]
[BlackTeamCountry "UKR"]

1. d4 Nf6 2. Bf4 d6 3. e3 Nbd7 4. Nf3 g6 5. h3 Bg7 6. Be2 b6 7. O-O Bb7 8. a4
a6 9. a5 b5 10. c4 bxc4 11. Bxc4 Bd5 12. Bd3 c5 13. Nc3 cxd4 14. exd4 O-O 15.
Re1 Re8 16. Qe2 Qc8 17. Nxd5 Nxd5 18. Bd2 Qb7 19. b4 Nc7 20. Rac1 Nf6 21. Rxc7
Qxc7 22. Bxa6 Ne4 23. Rc1 Qb8 24. Be1 d5 25. Bb5 Rc8 26. Bc6 Qd6 27. b5 Qa3 28.
Rb1 Rxa5 29. Bxa5 Qxa5 30. Bxd5 Nc3 31. Bxf7+ Kxf7 32. Ng5+ Ke8 33. Qe6 Qd8 34.
Re1 Bxd4 35. Qf7+ Kd7 36. Ne6 Qg8 37. Qf3 Bf6 38. Qd3+ Ke8 39. b6 Rb8 40. Qa6
Kf7 41. b7 Qe8 42. Qc4 Qb5 43. Nd8+ Ke8 44. Qc8 Ne2+ 45. Kh1 Be5 46. Nc6+ Kf7
47. Qd7 Qc5 48. Nd8+ Rxd8 49. Qxd8 Qxf2 50. Qd5+ Kf6 51. Qxe5+ Kxe5 52. b8=Q+
Ke4 53. Qb4+ Kd3 1-0

[Event "MTO-2021"]
[Site "?"]
[Date "2021.??.??"]
[Round "6.109"]
[White "Gukesh Dommaraju"]
[Black "Kalyan Arjun"]
[Result "1/2-1/2"]
[WhiteElo "2578"]
[BlackElo "2503"]
[PlyCount "72"]
[EventDate "2021.??.??"]
[WhiteTeam "Indien"]
[BlackTeam "Indien"]
[WhiteTeamCountry "IND"]
[BlackTeamCountry "IND"]

1. d4 Nf6 2. c4 e6 3. Nf3 d5 4. Nc3 Nbd7 5. Bg5 h6 6. Bh4 Be7 7. e3 O-O 8. Be2
dxc4 9. Bxc4 c5 10. O-O a6 11. a4 cxd4 12. Nxd4 Qa5 13. Be2 Ne5 14. Bg3 Rd8 15.
Qb3 Nc6 16. Nxc6 bxc6 17. Qc2 Bb7 18. e4 Nh5 19. Bxh5 Qxh5 20. Rfd1 Qa5 21. Qb3
Qb4 22. Qxb4 Bxb4 23. Bc7 Rxd1+ 24. Rxd1 c5 25. f3 Bc6 26. a5 Rc8 27. Bb6 Bxc3
28. bxc3 c4 29. Rd4 Bb5 30. g4 e5 31. Rd2 f6 32. h4 Kf7 33. h5 Ke6 34. Kf2 Rc6
35. Ke3 Rd6 36. Rxd6+ Kxd6 1/2-1/2

[Event "MTO-2021"]
[Site "?"]
[Date "2021.??.??"]
[Round "6.110"]
[White "Budisavljevic Luka"]
[Black "Donchenko Alexander"]
[Result "1/2-1/2"]
[WhiteElo "2509"]
[BlackElo "2652"]
[PlyCount "81"]
[EventDate "2021.??.??"]
[WhiteTeam "Serbien"]
[BlackTeam "Deutschland"]
[WhiteTeamCountry "SRB"]
[BlackTeamCountry "GER"]

1. e4 c6 2. d4 d5 3. e5 Bf5 4. Nf3 e6 5. Be2 Ne7 6. O-O c5 7. c4 dxc4 8. Na3
Nbc6 9. Nxc4 Nd5 10. a3 h6 11. Be3 Nxe3 12. fxe3 Be7 13. dxc5 Bxc5 14. b4 Qxd1
15. Raxd1 Bb6 16. b5 Ne7 17. Nd6+ Kf8 18. Nd4 Bg6 19. Bd3 Bh5 20. g4 Bxg4 21.
Rxf7+ Kg8 22. Rdf1 Nf5 23. Bxf5 Bxf5 24. Rxb7 g6 25. N4xf5 exf5 26. Nc4 Rh7 27.
Nxb6 axb6 28. Rxb6 Re7 29. Rxg6+ Kh7 30. Ra6 Rxa6 31. bxa6 Rxe5 32. Kf2 Ra5 33.
Ra1 Ra4 34. Ke2 Kg6 35. Kd3 Kf6 36. Kc3 Ke5 37. Kb3 Rxa6 38. a4 Ke4 39. Re1 Ra8
40. Ka3 h5 41. Kb4 1/2-1/2

[Event "MTO-2021"]
[Site "?"]
[Date "2021.??.??"]
[Round "6.111"]
[White "Puranik Abhimanyu"]
[Black "Raja Harshit"]
[Result "0-1"]
[WhiteElo "2589"]
[BlackElo "2484"]
[PlyCount "92"]
[EventDate "2021.??.??"]
[WhiteTeam "Indien"]
[BlackTeam "Indien"]
[WhiteTeamCountry "IND"]
[BlackTeamCountry "IND"]

1. d4 Nf6 2. Nf3 e6 3. Bf4 d5 4. e3 Bd6 5. Nbd2 O-O 6. c3 c5 7. Bg3 Qc7 8. dxc5
Bxg3 9. hxg3 Qxc5 10. g4 Nxg4 11. Ng5 e5 12. Nxh7 Rd8 13. Qf3 Qb6 14. Qg3 Bf5
15. Be2 Nh6 16. Ng5 Qxb2 17. Rd1 Nc6 18. e4 Bg6 19. exd5 Rxd5 20. Bc4 Rad8 21.
Bxd5 Rxd5 22. Qf3 Rd3 23. Qe2 Rxc3 24. Rh3 Rxh3 25. gxh3 f6 26. Qc4+ Kh8 27.
Nge4 Qa3 28. Qc3 Qxa2 29. Nc5 Nd4 30. Ncb3 Nhf5 31. Qc8+ Kh7 32. Qxb7 a5 33.
Nc5 Nh4 34. Nce4 Nhf3+ 35. Kf1 Qe6 36. Kg2 Bh5 37. Rc1 Ne2 38. Nxf3 Bxf3+ 39.
Kxf3 Nxc1 40. Kg2 Nd3 41. Qb1 Nf4+ 42. Kg1 Kh6 43. Ng3 Qxh3 44. Qe4 Qg4 45.
Qh1+ Nh5 46. Kg2 a4 0-1

[Event "MTO-2021"]
[Site "?"]
[Date "2021.??.??"]
[Round "6.112"]
[White "Yuffa Daniil"]
[Black "NR Vignesh"]
[Result "1/2-1/2"]
[WhiteElo "2578"]
[BlackElo "2428"]
[PlyCount "104"]
[EventDate "2021.??.??"]
[WhiteTeam "Russland"]
[BlackTeam "Indien"]
[WhiteTeamCountry "RUS"]
[BlackTeamCountry "IND"]

1. d4 Nf6 2. c4 e6 3. g3 d5 4. Bg2 dxc4 5. Nf3 Bd7 6. Ne5 Bc6 7. Nxc6 Nxc6 8.
O-O Qd7 9. e3 Rd8 10. Qc2 e5 11. dxe5 Nxe5 12. Nd2 b5 13. a4 a6 14. axb5 axb5
15. b3 Bb4 16. bxc4 O-O 17. cxb5 Bxd2 18. Rd1 Qxb5 19. Rxd2 c5 20. h3 c4 21.
Rxd8 Rxd8 22. Bb2 Nd3 23. Bd4 Rb8 24. Kh2 h6 25. Ra7 Ne1 26. Qc3 Nxg2 27. Bxf6
Nxe3 28. Bxg7 Qc6 29. Qxe3 Rb1 30. g4 Kxg7 31. Qe5+ Kg8 32. Ra3 Rb5 33. Qe7 Rd5
34. Ra7 Qd6+ 35. Qxd6 Rxd6 36. Rc7 Rd2 37. Kg3 Rc2 38. f4 Kg7 39. f5 c3 40. Kh4
Rc1 41. Kh5 c2 42. h4 Ra1 43. Rxc2 Ra7 44. f6+ Kh7 45. g5 hxg5 46. hxg5 Ra1 47.
Rc8 Rh1+ 48. Kg4 Rg1+ 49. Kf4 Rxg5 50. Rf8 Ra5 51. Rxf7+ Kg6 52. Rb7 Kxf6
1/2-1/2

[Event "MTO-2021"]
[Site "?"]
[Date "2021.??.??"]
[Round "6.113"]
[White "Gschnitzer Adrian"]
[Black "Korpa Bence"]
[Result "0-1"]
[WhiteElo "2420"]
[BlackElo "2536"]
[PlyCount "152"]
[EventDate "2021.??.??"]
[WhiteTeam "Deutschland"]
[BlackTeam "Ungarn"]
[WhiteTeamCountry "GER"]
[BlackTeamCountry "HUN"]

1. e4 c6 2. Nc3 d5 3. Nf3 dxe4 4. Nxe4 Nf6 5. Qe2 Nxe4 6. Qxe4 Qd5 7. Qf4 Qf5
8. Qe3 Qe6 9. b3 Qxe3+ 10. fxe3 Bf5 11. Bb2 Nd7 12. O-O-O e6 13. Rg1 h5 14. Be2
Nf6 15. Rdf1 Bd6 16. Be5 Bxe5 17. Nxe5 Ke7 18. d3 Bg4 19. Kd2 Raf8 20. Rf4 Bxe2
21. Kxe2 Nd5 22. Rf3 Rh6 23. c4 Nc7 24. Rgf1 f6 25. d4 h4 26. g4 hxg3 27. Rxg3
Rxh2+ 28. Kd3 Rg8 29. Ng4 Rhh8 30. e4 Ne8 31. b4 Rh5 32. b5 cxb5 33. c5 Rg5 34.
Rfg1 b6 35. cxb6 axb6 36. Ne3 Rxg3 37. Rxg3 Nd6 38. e5 fxe5 39. dxe5 Nf7 40.
Ke4 g5 41. Ng4 Ra8 42. Rb3 Ra4+ 43. Kf3 Rxa2 44. Rxb5 Ra5 45. Rxb6 Nxe5+ 46.
Nxe5 Rxe5 47. Rb8 Re1 48. Rg8 Kf6 49. Kf2 Ra1 50. Kf3 Ra3+ 51. Kg4 Ra4+ 52. Kf3
Rf4+ 53. Kg3 Ra4 54. Kf3 Kf5 55. Rf8+ Ke5 56. Rg8 Ra3+ 57. Kg4 Ra1 58. Kf3 Rf1+
59. Ke3 Rf5 60. Rg6 Kd6 61. Ke4 Ke7 62. Ke3 Kf7 63. Rh6 Rf6 64. Rh8 Kg7 65. Rh5
Kg6 66. Rh8 g4 67. Ke4 Kg5 68. Ke5 Rf1 69. Rg8+ Kh4 70. Kxe6 g3 71. Ke5 Kh3 72.
Rh8+ Kg2 73. Rg8 Kf3 74. Rf8+ Ke2 75. Rg8 Rf3 76. Ke4 Kf2 0-1

[Event "MTO-2021"]
[Site "?"]
[Date "2021.??.??"]
[Round "6.114"]
[White "Bänziger Fabian"]
[Black "Valsecchi Alessio"]
[Result "0-1"]
[WhiteElo "2392"]
[BlackElo "2527"]
[PlyCount "80"]
[EventDate "2021.??.??"]
[WhiteTeam "Schweiz"]
[BlackTeam "Italien"]
[WhiteTeamCountry "SUI"]
[BlackTeamCountry "ITA"]

1. d4 Nf6 2. c4 g6 3. Nc3 d5 4. Nf3 Bg7 5. Qb3 dxc4 6. Qxc4 O-O 7. e4 a6 8. e5
b5 9. Qb3 Nfd7 10. e6 fxe6 11. Be3 Nf6 12. Be2 Nc6 13. Rd1 Qd6 14. Ng5 Na5 15.
Qc2 Bb7 16. O-O Rad8 17. a4 h6 18. Nge4 Nxe4 19. Nxe4 Qd5 20. f3 Qb3 21. Qc1
Bxe4 22. fxe4 Rxf1+ 23. Bxf1 Nc4 24. Bxc4 bxc4 25. Kh1 c5 26. Rf1 cxd4 27. Bxh6
Rf8 28. Rxf8+ Kxf8 29. h3 d3 30. Qf4+ Kg8 31. Qg4 Qxb2 32. Qxe6+ Kh7 33. Bxg7
Qxg7 34. Qxc4 d2 35. Qf1 Qf6 36. Qb1 Qd4 37. Qd1 Qc3 38. Kh2 Kg7 39. Qb1 Qe5+
40. Kh1 Qd4 0-1

[Event "MTO-2021"]
[Site "?"]
[Date "2021.??.??"]
[Round "6.115"]
[White "NR Visakh"]
[Black "Haimovich Tal"]
[Result "1-0"]
[WhiteElo "2516"]
[BlackElo "2388"]
[PlyCount "103"]
[EventDate "2021.??.??"]
[WhiteTeam "Indien"]
[BlackTeam "Israel"]
[WhiteTeamCountry "IND"]
[BlackTeamCountry "ISR"]

1. d4 d5 2. c4 c6 3. Nc3 Nf6 4. e3 e6 5. Nf3 Nbd7 6. Be2 Bd6 7. O-O O-O 8. b3
Qe7 9. Bb2 b6 10. Re1 Bb7 11. Bd3 Rad8 12. cxd5 cxd5 13. Re2 a6 14. Rc2 Ne4 15.
Rac1 e5 16. dxe5 Nxe5 17. Nd4 Bb8 18. g3 Rfe8 19. Be2 b5 20. Qf1 g6 21. a4 Nxc3
22. Bxc3 bxa4 23. bxa4 Nc4 24. Nf3 Qd7 25. Qd1 Re6 26. Qd4 f6 27. Qh4 Rf8 28.
Qh3 Qf7 29. Nd4 Re7 30. Bb4 Nd6 31. Nc6 Re4 32. Nxb8 Rxb4 33. Rc7 Bc8 34. Qh6
Rb1 35. Qxf8+ Qxf8 36. Rxb1 Qd8 37. Ra7 Bb7 38. Raxb7 Nxb7 39. Rxb7 Qa5 40. Nd7
Kf7 41. Nc5+ Kg8 42. Nd7 Qe1+ 43. Bf1 Qa1 44. Ra7 f5 45. Rxa6 d4 46. exd4 Qxd4
47. Nb8 f4 48. Nc6 Qe4 49. a5 Qc2 50. Rb6 Qc5 51. Rb8+ Kg7 52. a6 1-0

[Event "MTO-2021"]
[Site "?"]
[Date "2021.??.??"]
[Round "6.117"]
[White "Tahay Alexis"]
[Black "Chithambaram Aravindh"]
[Result "1-0"]
[WhiteElo "2349"]
[BlackElo "2641"]
[PlyCount "133"]
[EventDate "2021.??.??"]
[WhiteTeam "Frankreich"]
[BlackTeam "Indien"]
[WhiteTeamCountry "FRA"]
[BlackTeamCountry "IND"]

1. e4 c5 2. Nf3 d6 3. d4 cxd4 4. Nxd4 Nf6 5. Nc3 Bd7 6. Be2 Nc6 7. Be3 h5 8. h3
g6 9. Qd2 Nxd4 10. Bxd4 e5 11. Be3 Bc6 12. Bg5 Be7 13. Bxf6 Bxf6 14. Bc4 Bg5
15. Qd3 O-O 16. O-O Kg7 17. Rad1 Qa5 18. Bd5 Rad8 19. Qc4 Qb6 20. Qb3 f5 21.
Qxb6 axb6 22. a4 Be7 23. f3 Ra8 24. b3 Rfc8 25. Be6 Bd7 26. Bc4 f4 27. Kf2 g5
28. Nd5 Bd8 29. Nc3 Be7 30. Nd5 Bd8 31. Nc3 Be6 32. Bxe6 Rxc3 33. Rxd6 Be7 34.
Rd2 Bc5+ 35. Ke2 Be3 36. Bc4 Bxd2 37. Kxd2 Re3 38. Bd5 g4 39. Bxb7 Ra7 40. Bd5
Kf6 41. hxg4 hxg4 42. fxg4 Rg3 43. Rf2 Rxg4 44. Bc4 Rag7 45. Bf1 Rg3 46. Rf3
Rd7+ 47. Ke2 Kg5 48. c3 Kh4 49. Ke1 Rxf3 50. gxf3 Kg3 51. Be2 Rh7 52. b4 Rh1+
53. Kd2 Ra1 54. Bd1 Kf2 55. c4 Rb1 56. b5 Ra1 57. c5 bxc5 58. Bc2 Rh1 59. b6
Rh8 60. a5 Rb8 61. Bd1 c4 62. Kc3 Ke1 63. Ba4 Ke2 64. Kxc4 Kxf3 65. Kc5 Ra8 66.
b7 Rxa5+ 67. Kb4 1-0

[Event "MTO-2021"]
[Site "?"]
[Date "2021.??.??"]
[Round "6.118"]
[White "Shchekachev Andrei"]
[Black "Eric Jovana"]
[Result "0-1"]
[WhiteElo "2515"]
[BlackElo "2250"]
[PlyCount "74"]
[EventDate "2021.??.??"]
[WhiteTeam "Frankreich"]
[BlackTeam "Serbien"]
[WhiteTeamCountry "FRA"]
[BlackTeamCountry "SRB"]

1. Nf3 d5 2. d4 Nf6 3. c4 c6 4. Nc3 dxc4 5. e3 b5 6. a4 b4 7. Na2 e6 8. Bxc4
Be7 9. O-O O-O 10. Qe2 a5 11. Bd2 Ne4 12. Rfd1 Bb7 13. Be1 Nd7 14. Nc1 Qc7 15.
Nb3 c5 16. Rdc1 Rfc8 17. Nfd2 Bd6 18. Nxe4 Bxe4 19. h3 Qd8 20. Rd1 Qe7 21. f3
Bb7 22. dxc5 Nxc5 23. Nd4 Be5 24. Bf2 h6 25. Kh1 Qf6 26. b3 Nd7 27. Bb5 Nb6 28.
e4 Rd8 29. Qe3 Rac8 30. Nxe6 fxe6 31. Qxb6 Bxa1 32. Rxd8+ Rxd8 33. Qxb7 Qf4 34.
Bc4 Be5 35. Bxe6+ Kh8 36. Bg1 Qc1 37. Qa7 Bd4 0-1

[Event "MTO-2021"]
[Site "?"]
[Date "2021.??.??"]
[Round "6.119"]
[White "Unuk Laura"]
[Black "Ammar Sedrani"]
[Result "1-0"]
[WhiteElo "2407"]
[BlackElo "2274"]
[PlyCount "61"]
[EventDate "2021.??.??"]
[WhiteTeam "Slowenien"]
[BlackTeam "Vereinigte Arabische Emirate"]
[WhiteTeamCountry "SLO"]
[BlackTeamCountry "UAE"]

1. c4 e6 2. g3 d5 3. Bg2 Nf6 4. Nf3 Be7 5. d4 O-O 6. O-O c6 7. Qc2 Nbd7 8. Nbd2
b6 9. e4 Ba6 10. b3 Rc8 11. Bb2 c5 12. exd5 exd5 13. Rfe1 Re8 14. cxd5 cxd4 15.
Nc4 Bb7 16. Nxd4 Bxd5 17. Qd2 Bxg2 18. Kxg2 Nc5 19. Rad1 Bf8 20. f3 Rxe1 21.
Qxe1 Qd7 22. Ne5 Qb7 23. Nf5 Re8 24. Qc3 a5 25. Qc4 Ne6 26. Qh4 Rc8 27. Rd2 Qc7
28. Nc4 b5 29. Nce3 Qb6 30. Bxf6 gxf6 31. Nd5 1-0

[Event "MTO-2021"]
[Site "?"]
[Date "2021.??.??"]
[Round "6.120"]
[White "J Sai Agni Jeevitesh"]
[Black "Vaishali R"]
[Result "0-1"]
[WhiteElo "2322"]
[BlackElo "2393"]
[PlyCount "68"]
[EventDate "2021.??.??"]
[WhiteTeam "Indien"]
[BlackTeam "Indien"]
[WhiteTeamCountry "IND"]
[BlackTeamCountry "IND"]

1. d4 d5 2. Bf4 Nf6 3. e3 c5 4. dxc5 e6 5. b4 a5 6. c3 axb4 7. cxb4 Nc6 8. Bb5
Bd7 9. Qb3 Ne4 10. Ne2 Qf6 11. Nbc3 g5 12. Bg3 h5 13. Rc1 h4 14. Nxe4 dxe4 15.
Bd6 h3 16. g3 Bxd6 17. Bxc6 Bxc6 18. cxd6 O-O 19. Nc3 b5 20. Qd1 Ra3 21. Nb1
Rd3 22. Qg4 Rxd6 23. O-O Ra8 24. Rc5 Rxa2 25. Nc3 Rb2 26. Rxg5+ Kf8 27. Nxe4
Bxe4 28. Rg8+ Ke7 29. Qxe4 Rxf2 30. Rc1 Rg2+ 31. Kh1 Rgd2 32. Qg4 Rc2 33. Rd1
Rxd1+ 34. Qxd1 Rd2 0-1

[Event "MTO-2021"]
[Site "?"]
[Date "2021.??.??"]
[Round "6.121"]
[White "Dordzhieva Dinara"]
[Black "Papadiamandis Elliot"]
[Result "1/2-1/2"]
[WhiteElo "2311"]
[BlackElo "2363"]
[PlyCount "51"]
[EventDate "2021.??.??"]
[WhiteTeam "Russland"]
[BlackTeam "Frankreich"]
[WhiteTeamCountry "RUS"]
[BlackTeamCountry "FRA"]

1. d4 Nf6 2. c4 g6 3. Nc3 d5 4. cxd5 Nxd5 5. e4 Nxc3 6. bxc3 Bg7 7. Nf3 c5 8.
Rb1 Nc6 9. d5 Ne5 10. Nxe5 Bxe5 11. Qd2 O-O 12. Be2 Qa5 13. Rb3 Bd7 14. f4 Bg7
15. c4 Qa6 16. e5 Rad8 17. Ra3 Qb6 18. Qb2 e6 19. Rb3 Qa6 20. Rxb7 exd5 21.
cxd5 Qa4 22. Bf3 Bf5 23. Qb3 Qd4 24. Qe3 Qc4 25. h4 h5 26. Rb3 1/2-1/2

[Event "MTO-2021"]
[Site "?"]
[Date "2021.??.??"]
[Round "6.122"]
[White "Stelmaszyk Nico"]
[Black "Vasquez Toledo Cristian"]
[Result "1/2-1/2"]
[WhiteElo "2296"]
[BlackElo "2064"]
[PlyCount "65"]
[EventDate "2021.??.??"]
[WhiteTeam "Deutschland"]
[BlackTeam "Chile"]
[WhiteTeamCountry "GER"]
[BlackTeamCountry "CHI"]

1. e4 c5 2. c3 Nf6 3. e5 Nd5 4. Nf3 Nc6 5. Bc4 Nb6 6. Bb3 d5 7. exd6 Qxd6 8.
Na3 a6 9. O-O Be6 10. Ng5 Bd5 11. d4 cxd4 12. c4 h6 13. cxd5 hxg5 14. h3 Nxd5
15. Bxg5 e6 16. Qf3 Be7 17. Bd2 Nb6 18. Bf4 Qd7 19. Rac1 O-O 20. Nc4 Nxc4 21.
Bxc4 Bf6 22. Bd3 g6 23. Rc5 Rac8 24. Rfc1 Bg7 25. Bxa6 bxa6 26. Rxc6 Rxc6 27.
Qxc6 Qa7 28. b4 d3 29. Bd6 Rd8 30. Bc5 Qb8 31. Qxa6 Qf4 32. Be3 Qxb4 33. Qb6
1/2-1/2

[Event "MTO-2021"]
[Site "?"]
[Date "2021.??.??"]
[Round "6.124"]
[White "Gueci Tea"]
[Black "Fecker Noah"]
[Result "1/2-1/2"]
[WhiteElo "2179"]
[BlackElo "2309"]
[PlyCount "63"]
[EventDate "2021.??.??"]
[WhiteTeam "Italien"]
[BlackTeam "Schweiz"]
[WhiteTeamCountry "ITA"]
[BlackTeamCountry "SUI"]

1. e4 c5 2. Nf3 e6 3. d4 cxd4 4. Nxd4 Nc6 5. Nc3 Qc7 6. Be3 a6 7. Qf3 Ne5 8.
Qg3 h5 9. f4 h4 10. Qh3 Nc4 11. Bxc4 Qxc4 12. O-O-O b5 13. Kb1 Bb7 14. Rhe1 Rc8
15. Bc1 b4 16. Na4 Qc7 17. b3 Nf6 18. Qd3 Be7 19. e5 Ng4 20. Qe2 Nh6 21. Be3 g6
22. g4 hxg3 23. hxg3 Nf5 24. Nxf5 gxf5 25. Nb6 Rd8 26. Nc4 Rc8 27. Nb6 Bf3 28.
Qf2 Bxd1 29. Nxc8 Qxc8 30. Rxd1 Qc6 31. Bd4 Rh3 32. Rg1 1/2-1/2

[Event "MTO-2021"]
[Site "?"]
[Date "2021.??.??"]
[Round "6.125"]
[White "Dornieden Jonas"]
[Black "Löffler Markus"]
[Result "0-1"]
[WhiteElo "2001"]
[BlackElo "2295"]
[PlyCount "80"]
[EventDate "2021.??.??"]
[WhiteTeam "Schweiz"]
[BlackTeam "Deutschland"]
[WhiteTeamCountry "SUI"]
[BlackTeamCountry "GER"]

1. e4 c5 2. c3 d5 3. exd5 Qxd5 4. d4 Nf6 5. Nf3 Bg4 6. dxc5 Qxd1+ 7. Kxd1 e6 8.
b4 a5 9. Bb2 Be7 10. Bb5+ Nc6 11. Bxc6+ bxc6 12. Ke1 Bxf3 13. gxf3 Nd5 14. a3
Bf6 15. Kd2 O-O-O 16. Kc2 Nf4 17. Nd2 Rd3 18. Rad1 Rhd8 19. Rhf1 Kc7 20. Nc4
Rxf3 21. Rxd8 Kxd8 22. Nxa5 Kc7 23. Nc4 Nd5 24. Nd2 Rh3 25. c4 Nf4 26. b5 Bxb2
27. Kxb2 Nd3+ 28. Kc2 Nxc5 29. f3 Rxh2 30. Rb1 Kb6 31. Kc3 h5 32. Nb3 Nxb3 33.
Rxb3 Rh3 34. Kd2 cxb5 35. cxb5 Rh4 36. Ke2 Ra4 37. Re3 Ra5 38. a4 Rxa4 39. Re5
g6 40. Ke3 Rb4 0-1